Negocios en la gran ciudad [juego] /
Guardado en:
| Formato: | Objeto Físico |
|---|---|
| Publicado: |
Argentina :
Antex Andina,
[199?]
|
| Materias: | |
| Etiquetas: |
Agregar Etiqueta
Sin Etiquetas, Sea el primero en etiquetar este registro!
|
| LEADER | 00771nrm a22001695g 4500 | ||
|---|---|---|---|
| 001 | CEM.cems019146 | ||
| 008 | 130507b199?##################0###0#####d | ||
| 005 | 20220829195824.0 | ||
| 003 | CEMS | ||
| 245 | 0 | 0 | |a Negocios en la gran ciudad [juego] / |c Antex |
| 260 | |a Argentina : |b Antex Andina, |c [199?] | ||
| 300 | |a 1 juego (1 tablero, 55 fichas-establecimientos, 14 tarjetas-propietario, 26 cartas-instrucciones, 6 p.eones, 18 fichas, 2 dados, dinero) ; en caja 37 x 27 x 6 cm. + manual de instrucciones. | ||
| 490 | J | u | |g os educa |
| 500 | |a Para 2 a 7 jugadores. a partir de 13 años y adultos. objetivo:invierta con habilidad su capital y domine el comercio. | ||
| 082 | 0 | 4 | |a J793.9 |
| 653 | |a 1. juegos de negocios y finanzas | ||
| 859 | |a CEMS |b BIB. CEMS - Ludoteca |h J793.9 |i A87 |p 042.92 |t Ej.1 | ||
